000
00217 a2200097 4500
001
18496
100
_a
Johnson W
245
_a
Impact strength of materials
260
_a
_b
Edward Arnold
_c
1972
090
_c
13732
_d
13732
942
_a
NUST-CAE
_c
M
_c
4150
999
_c
253569
_d
253569